Energy, Environment, Ecology and Society (As per Latest RGPV Syllabus) (Record no. 14274)
[ view plain ]
| 000 -LEADER | |
|---|---|
| fixed length control field | 00405nam a22001457a 4500 |
| 003 - CONTROL NUMBER IDENTIFIER | |
| control field | OSt |
| 008 - FIXED-LENGTH DATA ELEMENTS--GENERAL INFORMATION | |
| fixed length control field | 241101b |||||||| |||| 00| 0 eng d |
| 020 ## - INTERNATIONAL STANDARD BOOK NUMBER | |
| ISBN | 9788178002576 |
| 082 ## - DEWEY DECIMAL CLASSIFICATION NUMBER | |
| Classification number | 621.47 |
| Item number | ANI/EN |
| 100 ## - MAIN ENTRY--AUTHOR NAME | |
| Personal name | Anil KUmar |
| -- | Sudhakr, K |
| 245 ## - TITLE STATEMENT | |
| Title | Energy, Environment, Ecology and Society (As per Latest RGPV Syllabus) |
| 260 ## - PUBLICATION, DISTRIBUTION, ETC. (IMPRINT) | |
| Place of publication | Hyderabad |
| Name of publisher | BS Publications |
| Year of publication | 2011 |
| 300 ## - PHYSICAL DESCRIPTION | |
| Number of Pages | 194 |
| 942 ## - ADDED ENTRY ELEMENTS (KOHA) | |
| Koha item type | Books |
| Withdrawn status | Lost status | Damaged status | Collection code | Home library | Current library | Shelving location | Date acquired | Source of acquisition | Cost, normal purchase price | Full call number | Accession Number | Koha item type |
|---|---|---|---|---|---|---|---|---|---|---|---|---|
| KAUAET | KAUAET | Shelf- 7A | 10/06/2016 | Cosmo Book House, Calicut | 125.00 | 621.47 ANI/EN | 24344 | Books |
